[Event "Dos Hermanas"]
[Site "Dos Hermanas"]
[Date "1996.05.29"]
[Round "7"]
[White "Ivanchuk, Vassily"]
[Black "Shirov, Alexei"]
[Result "1-0"]
[WhiteElo "2735"]
[BlackElo "2690"]
[Annotator "Huebner,R"]
[PlyCount "43"]
[EventDate "1996.05.21"]
[EventType "tourn"]
[EventRounds "9"]
[EventCountry "ESP"]
[EventCategory "19"]
[SourceTitle "CBM 053"]
[Source "ChessBase"]
[SourceDate "1996.08.01"]
[SourceVersion "1"]
[SourceVersionDate "1996.08.01"]
[SourceQuality "1"]

1. d4 {Har Zvi} d5 2. c4 c6 3. Nc3 Nf6 4. Nf3 dxc4 5. g3 b5 6. Bg2 Bb7 7. Ne5
Nbd7 {Dies basiert auf einer listigen Falle. Üblich ist:} (7... a6 8. a4 e6 {
mit unklarer Lage.} (8... e6 {Har Zvi} 9. Bg5 Qb6 10. O-O Be7 11. e3 h6 12. f4
Ra7 13. Bxf6 gxf6 14. Qh5 Rf8 15. Ng4 {with a very strong initiative for white
Timman,J-Portisch,L Tilburg 1986})) (7... Qc8 {Har Zvi} 8. O-O e6 9. b3 b4 10.
Na4 c3 11. a3 Nbd7 12. axb4 Bxb4 13. Nc4 {with about equal position Stocek,
J-Meduna 1996}) 8. Nxc6 (8. Nxb5 $2 Nxe5 9. dxe5 Qxd1+ 10. Kxd1 O-O-O+ $19 {
ist die erwähnte Falle.}) 8... Qb6 9. d5 e6 10. a4 Bc5 $2 {A bad move entering
a difficult position for no reason at all, after the natural 10...exd5 black's
position is fine.} (10... b4 11. Be3 (11. Nb5 exd5) (11. a5 Qa6) 11... Bc5 12.
a5 Qa6 13. Bxc5 bxc3 (13... Nxc5 14. Nxb4 $16) 14. dxe6 cxb2 15. exd7+ Nxd7 16.
Rb1 Bxc6 (16... Nxc5 17. Qd6 $18) 17. Qd6 Qxa5+ 18. Bb4 $18) (10... a6 {
war nötig:} 11. axb5 (11. Be3 Bc5 12. Bxc5 (12. a5 Qc7 13. Bxc5 Nxc5 14. d6 Qc8
15. Ne7 Qd7 $17 {Der Bauer auf d6 kann nicht verteidigt werden.}) 12... Nxc5 (
12... Qxc5 $5) 13. axb5 axb5 14. Rxa8+ Bxa8 15. dxe6 Nd3+ 16. exd3 Bxc6 17.
exf7+ Kxf7 18. Bxc6 Qxc6 19. O-O Rd8 20. d4 $14) 11... axb5 12. Rxa8+ Bxa8 {
bringt dem Weißen auch nicht mehr ein.}) (10... exd5 {Har Zvi} 11. axb5 d4 $1
12. Na4 Qxb5 13. Nxd4 Qb4+ 14. Kf1 (14. Bd2 $4 Bxg2 {with much more material
for a queen than needed}) 14... Bxg2+ 15. Kxg2 Qb7+ 16. f3 Bb4 {and black is
absolutely OK}) 11. axb5 Bxf2+ (11... exd5 {Har Zvi} 12. O-O a6 13. Nxd5 Nxd5
14. Qxd5 $18) 12. Kf1 Bc5 (12... exd5 {Har Zvi} 13. e3 Bxe3 14. Qe2 d4 15. Bxe3
dxe3 16. Na4 Qxb5 17. Qxe3+ Kf8 18. Qa3+ Kg8 19. Ne7+ Kf8 20. Ng6+ Kg8 21. Qf8+
Rxf8 22. Ne7#) (12... O-O {Har Zvi} 13. Na4 Qxb5 14. Kxf2) 13. Na5 $18 {
Jetzt kommt dem Schwarzen sein weißfeldriger Läufer abhanden, und seine
Stellung bricht zusammen.} Bxd5 {An unbelieveable move, it is clear white has
now a simple move winning immediately so what Shirov had in his mind??? black
has only one move - 13...e5 but it seems white is also better there.} (13...
Rb8 {Har Zvi} 14. Nxb7 Rxb7 15. dxe6 fxe6 (15... Ne5 16. Na4 Qxb5 17. Nxc5) 16.
Ra6 {and white is winning}) (13... e5 {Har Zvi} 14. Nxc4 Qc7 15. Na5 $1 {
with advantage for white}) 14. e4 {[#] black's position is already lost on
move 14!!} Bb4 {better chances could have been given after 14...Nxe4 but I do
not want to analyse this move} (14... Bb7 15. Nxb7 Qxb7 16. e5 Nd5 17. Nxd5
exd5 18. Bxd5 Qc8 19. Bc6 {ist hoffnungslos für Schwarz.} (19. Bc6 $1 {Har Zvi}
Rb8 (19... Ke7 20. Qd5 $1 $18) 20. Qd5 Bb6 21. e6 {winning})) 15. exd5 Bxa5 16.
Rxa5 (16. dxe6 fxe6 17. Bxa8 O-O 18. Bf3 Ng4 19. Qe2 Nde5 20. Bf4 {sollte auch
zum Sieg genügen.}) 16... Qxa5 17. dxe6 Nb6 18. Qd6 Rc8 19. Bc6+ Rxc6 20. Qxc6+
Ke7 21. Qc7+ Kxe6 22. Kg2 1-0

[Event "Moscow Aeroflot op"]
[Site "Moscow"]
[Date "2002.02.05"]
[Round "1"]
[White "Riazantsev, Alexander"]
[Black "Bologan, Viktor"]
[Result "1/2-1/2"]
[WhiteElo "2511"]
[BlackElo "2651"]
[Annotator "Huebner,R"]
[PlyCount "66"]
[EventDate "2002.02.04"]
[EventType "swiss"]
[EventRounds "9"]
[EventCountry "RUS"]
[SourceTitle "CBM 088"]
[Source "ChessBase"]
[SourceDate "2002.03.21"]
[SourceVersion "1"]
[SourceVersionDate "2002.03.21"]
[SourceQuality "1"]

1. d4 d5 2. c4 c6 3. Nf3 Nf6 4. Nc3 a6 5. e3 b5 6. b3 Bg4 7. Be2 e6 8. O-O Nbd7
9. h3 Bf5 10. Bd3 {Dies ist ein neuer Versuch.} Bd6 $6 {Dies ist ungenau.} (
10... Bb4 {kommt in Betracht.}) (10... Be7 {ist ebenfalls besser als der
Textzug.}) 11. Qe2 $6 (11. Bxf5 exf5 12. Qc2 {führt zum Vorteil für Weiß, denn}
g6 {wird mit} (12... b4 13. Ne2 g6 14. a3 $16) 13. cxd5 cxd5 14. Nxd5 Nxd5 15.
Qc6 Nxe3 16. Bxe3 Be7 17. Bh6 $16 {beantwortet.}) 11... Bxd3 12. Qxd3 b4 13.
Na4 Ne4 14. Bb2 O-O 15. Rac1 f5 16. cxd5 cxd5 17. Rc6 g5 18. Ne5 g4 19. Qe2 $2
({Mit} 19. hxg4 fxg4 20. Rxd6 (20. Qxe4 {reicht nicht aus:} dxe4 21. Rxd6 g3
22. Rxd7 Qh4 23. fxg3 Rxf1+ 24. Kxf1 Qh1+ 25. Kf2 Rf8+ {,und Schwarz gewinnt.})
20... Nxd6 21. Nxd7 Qxd7 22. Nb6 {dürfte Weiß durch Vereinfachung den Angriff
des Schwarzen abwehren und eine ausgeglichene Stellung herbeiführen können.})
19... Rf6 $2 ({Nach} 19... gxh3 20. gxh3 (20. Qh5 {führt zu nichts:} hxg2 21.
Kxg2 Ndf6 22. Qh6 Ra7 {usw.}) 20... Kh8 {ist der Angriff des Schwarzen äußerst
gefährlich.}) 20. Nc5 {Dies ist eine interessante und konsequente Fortsetzung;
ihr Wert hängt davon ab, wie die Stellung nach 20...Lc5: zu beurteilen ist.} (
20. hxg4 {ist zu riskant:} Rh6 21. g3 Bxe5 22. dxe5 Qg5 23. gxf5 Qxf5 24. g4
Qg5 25. f4 Qh4 26. Qg2 Rg6 27. g5 Nxg5 {, und Schwarz gewinnt.}) (20. Rxd6 {
ist dagegen wieder eine solide Fortsetzung:} Nxd6 21. Nxd7 Qxd7 22. Nb6 Qc6 23.
Nxa8 gxh3 24. Qf3 Rg6 25. Qxh3 Qxa8 26. Rc1 {, und Weiß hat nichts zu
befürchten.}) 20... Bxe5 $2 {Nach diesem Zug erhält Weiß eine Gewinnstellung.}
(20... Bxc5 {sieht gewagt aus, da es dem Lb2 die Diagonale öffnet; die Folgen
sind jedoch unklar, zum Beispiel:} 21. dxc5 gxh3 22. Nxd7 ({Auf} 22. gxh3 {
folgt} Nxe5 23. Bxe5 Rg6+ 24. Kh2 Qg5 25. Qf3 Nd2 {, und Schwarz gewinnt.})
22... Qxd7 23. Rxa6 Rxa6 24. Bxf6 (24. Qxa6 Rg6 25. g3 Qc7 26. Qa8+ Kf7 27. Qh8
Rxg3+ 28. Kh1 Qxc5 29. Qxh7+ Ke8 {sieht ungünstig für Weiß aus.}) 24... hxg2
25. Kxg2 Qa7 26. Be5 Rxa2 27. Qh5 Qf7 28. Qh4 {Der c-Bauer des Weißen ist
nicht leicht zu zähmen.}) 21. dxe5 Rg6 22. Nxe6 ({Ein ruhigeres Leben mit
leichtem Vorteil erreicht Weiß nach} 22. Nxe4 fxe4 (22... dxe4 23. hxg4 {
sieht ungesund für Schwarz aus.}) 23. hxg4 Qh4 24. f4 exf3 25. Qxf3 Rh6 26. Qh3
{usw. Der Textzug ist aber stärker und sollte zum Gewinn führen.}) 22... Qh4 (
22... gxh3 {ist unzureichend:} 23. Nxd8 Rxg2+ 24. Kh1 Ng3+ 25. fxg3 Rxe2 26.
Bd4 Rxd8 27. e6 {, und Weiß gewinnt.}) 23. Nd4 $2 {Danach entsteht wieder eine
unklare Stellung.} (23. Qd3 gxh3 24. Nf4 {scheitert an} Rxg2+ 25. Nxg2 Qg4) (
23. Qd1 gxh3 24. Nf4 {ist dagegen von entscheidender Kraft.}) 23... Rg5 ({
Vertrauenerwechender sieht} 23... gxh3 24. g3 Qg4 {mit unklarer Stellung aus.})
24. Kh1 ({Nach} 24. Rxa6 Rxa6 25. Qxa6 gxh3 26. Qa8+ ({Auf} 26. Qe6+ {folgt}
Kh8 27. Qxd7 Rxg2+ 28. Kh1 Nxf2+ 29. Rxf2 Qe4 30. Qxf5 Rxf2+ 31. Qxe4 dxe4 32.
e6 Kg8 {, und Schwarz gewinnt.}) 26... Nf8 27. Qxd5+ (27. Ne6 Rxg2+ 28. Kh1 Qe7
29. Nxf8 Qxf8 30. Qxd5+ Kg7 31. e6+ Kg6 32. Qe5 Qe7 {führt zum Verlust für Weiß
}) 27... Kg7 28. g3 Nxg3 29. Qb7+ Kh6 30. fxg3 Qxg3+ 31. Kh1 Qg2+ 32. Qxg2
hxg2+ 33. Kg1 gxf1=Q+ 34. Kxf1 {sollte die Partie in remis enden.}) 24... Nxe5
(24... gxh3 25. g3 Qxg3 26. fxg3 Nxg3+ 27. Kh2 Nxe2 28. Nxf5 {führt zu einer
für Schwarz hoffnungslosen Stellung.}) 25. Rxa6 Rd8 26. Ra7 $6 {Dies ist
vermutlich nicht das beste. Ich untersuche andere Möglichkeiten:} (26. Ne6 {
führt zum Verlust:} gxh3 27. Nxg5 hxg2+ 28. Kxg2 Qxg5+ 29. Kh1 Ng4 {usw.}) (26.
Re6 {führt zum Ausgleich:} gxh3 (26... Ng6 {wird mit} 27. Rxe4 fxe4 28. Ne6 {
beantwortet}) 27. g3 Nxg3+ 28. fxg3 Qxg3 29. Rxe5 Qxe5 30. Nc6 Qe4+ 31. Qf3 Qc2
32. Nxd8 Qg2+ 33. Qxg2 hxg2+ 34. Kg1 gxf1=Q+ 35. Kxf1 Rg6 {Das Endspiel dürfte
ausgeglichen sein.}) 26... Qh6 ({Auf} 26... gxh3 {folgt} 27. g3 Nxg3+ 28. fxg3
Qxg3 29. Ne6 Qg2+ 30. Qxg2 hxg2+ 31. Kg1 gxf1=Q+ 32. Kxf1 Nc6 33. Rb7 {, und
Weiß gewinnt.}) 27. Qa6 $2 {Es ist nicht leicht, einen besseren Vorschlag zu
machen, aber ich versuche es doch:} (27. a4 bxa3 (27... gxh3 28. g3 Ng4 29.
Nxf5 Ngxf2+ 30. Rxf2 Rxf5 31. Rxf5 Nxg3+ 32. Kh2 Nxe2 33. Bf6 {mit Ausgleich.})
28. Bxa3 (28. Rxa3 gxh3 29. g3 Ng4 {Weiß dürfte nicht überleben können.}) 28...
gxh3 29. g3 Ng4 30. Be7 Ngxf2+ 31. Qxf2 Nxf2+ 32. Rxf2) 27... Qxa6 28. Rxa6
gxh3 29. gxh3 Nd3 30. Nc6 $6 {Weiß sollte die Bewachung des Feldes f3 nicht
aufgeben.} ({Nötig ist} 30. Ba1 Nexf2+ 31. Kh2 Re8 32. Nc2 {mit guten
Rettungsaussichten für Weiß.}) 30... Nexf2+ $2 (30... Re8 31. Bd4 Nd2 {führt
zum Gewinn.}) 31. Kh2 Rg6 $2 (31... Re8 $15) 32. Bd4 (32. Ne7+ {gewinnt.})
32... Rc8 (32... Re8 {wurde wohl tatsächlich in der Partie gespielt. Dennoch
steht Weiß nach} 33. Nxb4 {auf Gewinn.} (33. Rg1 Ne4 $2 {führt auch zu
erheblichem Vorteil für Weiß.} 34. Ra7)) (32... Kf8 {bietet Rettungsaussichten.
}) 33. Rg1 (33. Ne7+ {gewinnt.}) 33... Ne4 {Natürlich gewinnt jetzt 34.Se7+
noch klarer. In der Schlußphase der Partie dürfte Zeitnot im Spiel gewesen
sein; es bleibt jedoch fraglich, ob die Notation korrekt ist.} 1/2-1/2

[Event "Ashkhabad-A"]
[Site "Ashkhabad"]
[Date "1996.??.??"]
[Round "3"]
[White "Simonenko, Sergei"]
[Black "Batyrov, Sapar"]
[Result "0-1"]
[WhiteElo "2415"]
[BlackElo "2360"]
[Annotator "Huebner,R"]
[PlyCount "47"]
[EventDate "1996.??.??"]
[EventType "tourn"]
[EventRounds "13"]
[EventCountry "TKM"]
[EventCategory "9"]
[SourceTitle "CBM 053"]
[Source "ChessBase"]
[SourceDate "1996.08.01"]
[SourceVersion "1"]
[SourceVersionDate "1996.08.01"]
[SourceQuality "1"]

1. d4 d5 2. Nf3 Nf6 3. c4 c6 4. Nc3 a6 5. g3 b5 6. cxd5 cxd5 7. a3 Bb7 8. Bf4
Nbd7 9. Bg2 e6 10. Rc1 Be7 11. O-O O-O 12. Ne5 Rc8 13. Qd3 Nxe5 14. Bxe5 Nd7
15. Bf4 Nb6 16. e4 $2 (16. Nb1 $15) 16... dxe4 17. Nxe4 Bd5 18. Rxc8 Qxc8 19.
Rc1 $2 (19. Nd2 $5 $17) 19... Qa8 20. Bg5 $2 (20. Bf3 Nc4 $17) (20. f3 Nc4 $17)
20... f6 21. Bh4 (21. Bf4 f5 $19) 21... Bd8 22. Rc5 g5 23. Rxd5 exd5 24. Nd6
0-1

[Event "RUS-ch"]
[Site "Elista"]
[Date "1995.??.??"]
[Round "9"]
[White "Ionov, Sergey"]
[Black "Ibragimov, Ildar"]
[Result "1/2-1/2"]
[WhiteElo "2525"]
[BlackElo "2580"]
[Annotator "Huebner,R"]
[PlyCount "84"]
[EventDate "1995.10.??"]
[EventType "swiss"]
[EventRounds "11"]
[EventCountry "RUS"]
[SourceTitle "CBM 050"]
[Source "ChessBase"]
[SourceDate "1996.02.01"]
[SourceVersion "1"]
[SourceVersionDate "1996.02.01"]
[SourceQuality "1"]

1. d4 d5 2. c4 c6 3. Nf3 Nf6 4. Nc3 a6 5. c5 g6 6. h3 Bg7 7. Bf4 O-O 8. e3 Nbd7
9. Be2 Ne8 10. O-O Nc7 11. Bg3 Re8 12. Na4 e5 $146 {Die Aufstellung des
Springers auf a4 soll diesen Vorstoß gerade verhindern; in anderen Partien
deckte Weiß den Punkt c5 mit b2-b4 und Ta1-c1. In den bisherigen Partien
fürchtete Schwarz die Möglichkeit Sa4-b6 und zog deshalb} (12... f6 {mit der
Folge} 13. Qb3 Kh8 14. Rad1 (14. Rfd1 e5 15. dxe5 fxe5 16. e4 {Giorgadze,
G-Epishin,V, Moskau 1995 (25 ), EXP 46.}) 14... Nb5 15. Qc2 $14 {Salov,V-Magem
Badals,J, Madrid 1994.}) 13. Bh4 (13. Nb6 Nxb6 14. cxb6 Ne6 (14... Nb5 15. a4 (
15. dxe5 Qxb6 16. a4 Nc7 $13) 15... Nd6 16. dxe5 Nf5 17. Bf4 Qxb6 18. Qd2 $14)
15. Bxe5 Qxb6 $14) 13... Bf6 (13... f6 14. Nb6 Nxb6 15. cxb6 Ne6 16. dxe5 $14)
14. Bxf6 Qxf6 15. Nb6 Nxb6 16. dxe5 (16. cxb6 e4 17. bxc7 exf3 18. Bxf3 Qe7 19.
Rc1 Be6 $10) 16... Qd8 17. cxb6 Ne6 18. b4 {Hier lohnt es sich, nach anderen
Fortsetzungen Ausschau zu halten. Möglicherweise ist die Spielweise des
Schwarzen gesund, aber besonders attraktiv sieht seine Stellung nicht aus.}
Qxb6 19. Qd2 $14 Nf8 20. Qd4 Nd7 21. Rfe1 (21. Rac1 Qd8 22. a4 Qe7 23. b5 axb5
24. axb5 Nxe5 $10) 21... Qc7 (21... Qd8 $2 22. e4 $16) 22. Rac1 Nxe5 23. Qxd5
Nxf3+ 24. Qxf3 Be6 25. Bc4 Rad8 26. Red1 Rxd1+ 27. Qxd1 Rd8 28. Qe2 Bxc4 29.
Rxc4 Qe5 30. Rc1 Qd6 31. a3 Qd2 32. Qxd2 Rxd2 33. a4 Rb2 34. Rc4 h5 35. g3 Kf8
36. Kg2 Ke7 37. Kf3 g5 38. g4 h4 39. a5 Kd6 40. Rd4+ Ke6 41. Re4+ Kd6 42. Rd4+
Ke6 1/2-1/2

[Event "EU-Cup 18th"]
[Site "Kallithea"]
[Date "2002.09.27"]
[Round "6.2"]
[White "Ilincic, Zlatko"]
[Black "Saldano Dayer, Horacio"]
[Result "1/2-1/2"]
[WhiteElo "2532"]
[BlackElo "2414"]
[Annotator "Huebner,R"]
[PlyCount "71"]
[EventDate "2002.09.22"]
[EventType "team-swiss"]
[EventRounds "7"]
[EventCountry "GRE"]
[SourceTitle "CBM 092"]
[Source "ChessBase"]
[SourceDate "2003.02.06"]
[SourceVersion "1"]
[SourceVersionDate "2003.02.06"]
[SourceQuality "1"]
[WhiteTeam "Novi Sad"]
[BlackTeam "Reverte Albox"]
[WhiteTeamCountry "YUG"]
[BlackTeamCountry "ESP"]

1. d4 d5 2. c4 c6 3. Nf3 Nf6 4. e3 a6 5. Nc3 b5 6. b3 Bf5 7. Bd3 (7. Ne5 e6 8.
g4 Bg6 9. h4 Ne4 10. Nxe4 Bxe4 11. f3 f6 12. Nxc6 Nxc6 13. fxe4 dxe4 14. Qc2 f5
15. gxf5 exf5 16. Bd2 Rc8 $13 {Topalov,V-Popchev,M, Bulgarien (ch) 1992, TD 92/
10.}) 7... Bxd3 (7... e6 8. O-O Nbd7 9. Qc2 Bxd3 10. Qxd3 Be7 11. e4 dxe4 (
11... b4 12. exd5 (12. e5 bxc3 13. exf6 Nxf6 14. Qxc3 O-O $10) 12... bxc3 (
12... exd5 13. Ne2 $14) 13. dxc6 $36) 12. Nxe4 O-O $10 {Cifuentes Parada,
R-Libeau,R, Bad Wörishofen (op) 1992, TD 92/03.}) 8. Qxd3 e6 9. O-O Be7 10. Bd2
(10. a3 O-O 11. Rd1 (11. e4 dxe4 12. Nxe4 Nbd7 $10) 11... Nbd7 12. Bd2 dxc4 13.
bxc4 Nb6 14. Ne5 (14. c5 $2 Bxc5 15. Ne5 Bd6 16. Nxc6 Bxh2+ 17. Kxh2 Qd6+ 18.
Ne5 Ng4+ 19. Kg1 Nxe5 $19) (14. cxb5 axb5 $17 {(xa3).}) 14... Bd6 15. Nxc6
Bxh2+ 16. Kxh2 Qd6+ 17. Kg1 (17. Ne5 $2 Ng4+ 18. Kg1 Nxe5 19. c5 Nxd3 20. cxd6
Nb2 21. Rdb1 N2c4 $17) 17... bxc4 18. Ne4 Qxc6 19. Nxf6+ gxf6 20. Qe2 Kh8 (
20... f5 $6 21. Bb4 Rfe8 22. Qh5) 21. e4 Rg8 22. Rac1 Rg6 23. g3 Rag8 24. Qf3
Nd7 (24... f5 $2 25. d5) 25. Kg2 Rg4 26. Bf4 e5 27. dxe5 fxe5 28. Be3 R4g6 29.
Rd5 f6 30. Qf5 Nb6 31. Bxb6 Qxb6 32. Rh1 c3 33. Rd7 h6 34. Qh3 Rf8 35. Qf5 Rfg8
36. Qh3 Rf8 37. Qxh6+ Rxh6 38. Rxh6+ Kg8 39. Rg6+ Kh8 40. Rh6+ Kg8 41. Rg6+ Kh8
{1/2-1/2 Speelman,J-Hodgson,J/Hastings 1996/CBM 51/[Huebner,R] (41).}) (10. e4
$5 b4 (10... dxe4 11. Nxe4 $14) 11. e5 bxc3 12. exf6 Bxf6 13. Ba3 Be7 14. Bxe7
Qxe7 15. Qxc3 $14) 10... Nbd7 11. Rfc1 O-O 12. cxb5 cxb5 13. a4 b4 14. Na2 a5
15. Rc6 Ne4 16. Rac1 Bd6 17. Be1 Ndf6 18. R1c2 Qd7 19. Ne5 Bxe5 20. dxe5 Ng4
21. Qd4 Rac8 $6 (21... Nh6 $11) (21... f6 22. Rc7 Qd8 23. exf6 (23. f3 fxe5 24.
Qd3 Nc3 {ist riskant für Weiß.}) 23... Ngxf6 24. f3 Nc3 25. Qe5 {führt zu
besserem Spiel für Weiß.}) 22. Rxc8 Rxc8 23. Qa7 Qe8 24. Rxc8 Qxc8 25. f3 h5
26. fxe4 (26. Qxa5 Qc2 27. Nxb4 Qe2 28. Nxd5 exd5 29. fxg4 hxg4 30. Qd8+ Kh7
31. Qh4+ Kg6 32. a5 {ergibt ebenfalls eine Remisstellung.}) 26... Qc2 27. Nxb4
Qe2 28. Nc2 Qxc2 29. h3 Qe2 30. Qxa5 (30. hxg4 {führt zu einem klaren Remis,
denn nach} Qxe1+ 31. Kh2 Qh4+ 32. Kg1 hxg4 33. exd5 {wird} g3 {mit} 34. Qa8+
Kh7 35. dxe6 {abgewehrt.}) 30... Nxe3 31. Qd2 Qf1+ 32. Kh2 Qf4+ 33. Kg1 Qf1+ (
33... Qxe4 {führt zu unklaren Folgen:} 34. a5 Nxg2 35. Bg3 Ne3 36. a6 d4 37. a7
Qb1+ 38. Be1 Qg6+ 39. Kh2 {usw.}) 34. Kh2 Qf4+ 35. Kg1 Qf1+ 36. Kh2 1/2-1/2

[Event "RUS-ch qual 57th"]
[Site "St Petersburg"]
[Date "2004.05.26"]
[Round "5"]
[White "Sakaev, Konstantin"]
[Black "Dolmatov, Sergey"]
[Result "1-0"]
[WhiteElo "2665"]
[BlackElo "2573"]
[Annotator "Huebner,R"]
[PlyCount "63"]
[EventDate "2004.05.21"]
[EventType "swiss"]
[EventRounds "9"]
[EventCountry "RUS"]
[SourceTitle "CBM 102"]
[Source "ChessBase"]
[SourceDate "2004.09.23"]
[SourceVersion "1"]
[SourceVersionDate "2004.09.23"]
[SourceQuality "1"]

1. d4 d5 2. c4 c6 3. Nf3 Nf6 4. Nc3 a6 5. c5 Nbd7 6. Bf4 Nh5 7. Be3 g6 8. g4
Nhf6 9. h3 Bg7 10. Bg2 O-O 11. O-O h5 12. g5 Nh7 (12... Ne8 13. Bf4 e5 14. Nxe5
Nxe5 15. dxe5 Nc7 16. h4 Ne6 17. Bg3 Nxc5 $11 {1/2-1/2 Vasilevich,T-Rychagov,A/
Korinthos 2002/CBM 89 ext (47). (47)}) 13. Qd2 f6 $2 {Dies ist ein schwerer
positioneller Fehler. Schwarz ruiniert seine Bauernstruktur am Königsflügel;
insbesondere wird der Punkt g6 schwach. Es gibt zwei plausible Fortsetzungen,
mit denen Schwarz, soweit ich sehe, ungefähr gleiches Spiel erzielen kann:} (
13... e5 14. Nxe5 Nxe5 15. dxe5 Bxe5 16. f4 Bg7 17. Bd4 Bxd4+ 18. Qxd4 Bf5 {
usw.; sowie}) (13... Re8 14. Bf4 e5 15. Nxe5 (15. dxe5 Nxc5 {führt zu
ausgezeichnetem Spiel für Schwarz.}) 15... Nxe5 (15... Bxe5 16. dxe5 (16. Bxe5
Nxe5 17. dxe5 Nxg5 18. Kh2 Bf5 {braucht Schwarz auch nicht zu fürchten.}) 16...
Nxc5 {kommt ebenfalls in Betracht.}) 16. dxe5 Nf8 {mit unklarer Stellung.}) 14.
gxf6 Rxf6 $6 ({Nach} 14... Ndxf6 15. Nh4 (15. Ne5 Bf5 {nebst Sf6-d7 braucht
Schwarz nicht zu fürchten.}) 15... Bf5 16. Nxf5 gxf5 17. Bf4 {hat der Schwarze
eine strategisch minderwertige Stellung, aber verglichen mit dem Textzug ist
es vielleicht das kleinere Übel.}) 15. Bf4 Qf8 16. Bc7 {Jetzt steht der
Springer des Schwarzen auf d7 höchst ungünstig, und ihm gelingt die
Koordination seiner Figuren und die Entwicklung des Damenflügels nicht mehr.}
Bh6 17. Qd3 g5 18. e4 e6 19. Rae1 Qg7 20. Bd6 g4 {Die Öffnung der Stellung
kommt dem Weißen entgegen, aber ich kann dem Nachziehenden keinen vernünftigen
Rat mehr geben.} 21. hxg4 hxg4 22. Nh2 Bf4 23. exd5 Bxd6 $2 (23... exd5 {
ist zäher:} 24. Re7 ({Nach} 24. Re8+ Ndf8 {droht Lc8-f5, und Opfer auf d5
schlagen nicht durch.}) 24... Bxh2+ (24... Rf7 {scheitert an} 25. Nxd5) 25.
Kxh2 Qh6+ 26. Kg1 Ng5 27. Re8+ (27. Rfe1 Nf3+ 28. Bxf3 gxf3) 27... Nf8 (27...
Kg7 28. Rfe1 {mit wachsendem Druck.}) 28. Qe3 Qg7 29. Ne2 {, und die
zahlreichen Fesselungen dürften sich schließlich als fatal für Schwarz
erweisen.}) 24. cxd6 cxd5 25. Nxd5 exd5 26. Re7 Qh6 27. Nxg4 Qh5 28. Nxf6+
Ndxf6 29. Qg3+ Qg5 30. Qxg5+ Nxg5 31. Rc1 Kf8 32. Rcc7 1-0